000 00389nam a22001457a 4500
005 20171003122720.0
008 171003b xxu||||| |||| 00| 0 eng d
020 _a0300028741
040 _cPK-LaUMT
082 _aPKAC 297.820955
_bREL-
245 _aReligion and politics in Iran/
_cNikki R. Keddie(Editor)
260 _aLondon:
_bYale University,
_c1983
300 _a258 p.
942 _cBK
999 _c98759
_d98759